Sobre Shunkin /
Gespeichert in:
| 1. Verfasser: | |
|---|---|
| Weitere Verfasser: | |
| Format: | Buch |
| Sprache: | Spanisch |
| Veröffentlicht: |
Gijón, España :
Satori,
2016, c2016
|
| Schriftenreihe: | (Maestros de la Literatura Japonesa ;
22) |
| Schlagworte: | |
| Tags: |
Keine Tags, Fügen Sie das erste Tag hinzu!
|
MARC
| LEADER | 00000nam^a2200000^a^4500 | ||
|---|---|---|---|
| 001 | 000380806 | ||
| 005 | 20250521000000.0 | ||
| 009 | 20260310120619.997 | ||
| 020 | |a 978-84-944685-1-3 | ||
| 037 | |a Acervo ITESO - Biblioteca | ||
| 041 | |a ESP | ||
| 082 | |a 895. 6 |b SAT MAE V. 22 | ||
| 100 | |a Tanizaki, Junichirō |e (autor) | ||
| 245 | 1 | 0 | |a Sobre Shunkin / |c J. Tanizaki ; introd. de Carlos Rubio ; tr. por Aiga Sakamoto. |
| 264 | 4 | |a Gijón, España : |b Satori, |c 2016, c2016 | |
| 300 | |a 167 p. + |e 1 separador | ||
| 336 | |a texto |b txt |2 rdacontenido | ||
| 337 | |a sin mediación |b n |2 rdamedio | ||
| 338 | |a volumen |b nc |2 rdasoporte | ||
| 440 | 1 | |a (Maestros de la Literatura Japonesa ; |v 22) | |
| 500 | |a Traducción de: Shunkinshō | ||
| 545 | 0 | |a Junichiro Tanizaki (1886-1965), escritor japonés y reconocido representante de la novela japonesa moderna. Su escritura se caracteriza por una búsqueda del mundo de los sentidos, los cuales refleja a través del erotismo, a veces acompañado de ciertas perversiones, la belleza y de ciertos elementos tradicionales del Japón o el del pensamiento oriental. Entre sus obras se encuentran Hay quien prefiere las ortigas, Las hermanas Makioka, La llave, La madre del capitán Shigemoto, Retrato de Shunkin, El elogio de la sombra, entre otros. Además tradujo a lengua moderna Genji Monogatari, obra de Murasaki Shikibu que algunas fuentes citan como la primera novela de la historia. | |
| 585 | |a Exposición DIA 2022-10 / Sendero de crisantemos: una mirada a la cultura japonesa | ||
| 649 | |a XX | ||
| 650 | |a Novela Japonesa | ||
| 650 | |a Literatura Japonesa - |y Siglo XX | ||
| 700 | |a Rubio, Carlos |e (introducción) | ||
| 910 | |a Fondo General | ||
| 920 | |a Impresos - Libros | ||
| 930 | |a Colección General | ||
| 940 | |a Literatura | ||
| 905 | |a 101 | ||
| 901 | |a 0500275469 |b IT1 |c LIT |i C151883 |u 20250521 | ||
| 901 | |a 0500275742 |b IT2 |c FOL |u 20250521 | ||
| 902 | |a https://opac.biblio.iteso.mx/vufind/Record/000380806 | ||